000 00466 a2200169 4500
005 20260409124646.0
008 260409b |||||||| |||| 00| 0 eng d
020 _a9789361778926
040 _cSDCL
041 _2eng
_aeng
084 _aV43'P R5
100 _aTyagi, Jaya
245 _aSouth Asia before the Common Era :
_bRevisiting Sources and Historians' Approaches
260 _aDelhi :
_bPrimus Book,
_c2025.
300 _axii, 880p.
942 _cTEXL
_2CC
999 _c1847957
_d1847957